000 00624nam a2200169 i 4500
001 104608
003 ES-MaACL
005 20250811071908.0
007 t|
008 051202s1965 sp ||||1| spa d
110 0 _aEspaña.
_bMinisterio de Obras Públicas
_93911
245 1 0 _aAvance de la publicación estadística sobre embalses y producción de energía eléctrica en 1964 y años anteriores /
_cMinisterio de Obras Públicas.
260 _aMadrid :
_bJefatura de Servicios Eléctricos de Obras Públicas,
_c1965.
300 _a10 p. ;
_c21 cm.
852 _aES-MaACL
_j2052-F-9
_bR.55873
999 _c104608
_d104608